Sports Quiz

Random Sports or Baseball Quiz

MLB Most Career Wins After Age 35 Quiz Stats

 Plays Quiz not verified by Sporcle

Challenge
Share
Tweet
Embed
Score 0/31 Timer 07:00
0 Plays Today
Wins Player % Correct
146Roger Clemens
93.8%
163Randy Johnson
92.8%
128Tommy John
92.3%
192Cy Young
90.6%
180Jamie Moyer
90.6%
208Phil Niekro
89.4%
105Joe Niekro
88.9%
113Greg Maddux
88.4%
135Nolan Ryan
83%
97Tom Glavine
82.5%
179Warren Spahn
74.3%
104Steve Carlton
71.1%
140Gaylord Perry
68.4%
107Don Sutton
61.2%
123Pete Alexander
60.7%
105Dennis Martinez
57.5%
Wins Player % Correct
109Tim Wakefield
53.3%
97Lefty Grove
52.8%
128David Wells
44.2%
147Charlie Hough
44%
101Hoyt Wilhelm
40.5%
116Early Wynn
38.8%
89Jim Kaat
37.8%
124Eddie Plank
29.6%
105Kenny Rogers
29.6%
89Sad Sam Jones
22.5%
111Dazzy Vance
21.5%
89Red Faber
10.4%
168Jack Quinn
9.4%
96Dutch Leonard
6.9%
99Rip Sewell
2.2%

You're not logged in!

Compare scores with friends on all Sporcle quizzes.
Join for Free
OR
Log In

You Might Also Like...

Show Comments

Extras

Top Quizzes Today


Score Distribution

Your Account Isn't Verified!

In order to create a playlist on Sporcle, you need to verify the email address you used during registration. Go to your Sporcle Settings to finish the process.

Report this User

Report this user for behavior that violates our Community Guidelines.

Details: